| 000 | 00475nam a2200181 i 4500 | ||
|---|---|---|---|
| 001 | 117085 | ||
| 003 | ES-MaACL | ||
| 005 | 20230906190827.0 | ||
| 007 | t| | ||
| 008 | 070228s1968 sp af |||| | spa d | ||
| 100 | 1 |
_aPastecca. _989462 |
|
| 245 | 1 | 0 |
_aDibujando caricaturas / _cPastecca [seud.]. |
| 250 | _a1ª ed. | ||
| 260 |
_aBarcelona : _bCeac, _c1968. |
||
| 300 |
_a124 p., 5 lám. : _bil. ; _c24 cm. |
||
| 650 | 4 |
_aCaricatura. _910777 |
|
| 852 |
_aES-MaACL _jC-36576 |
||
| 999 |
_c117085 _d117085 |
||